Travel geography for tourism : Part 2 Europe and Worldwide
| Main Author: | |
|---|---|
| Format: | Book |
| Published: |
United Kingdom :
Stanley Thornes ,
1993
|
| Subjects: |
MARC
| LEADER | 00000cam a2200000 7i4500 | ||
|---|---|---|---|
| 001 | 0000002711 | ||
| 002 | 000002941 | ||
| 005 | 20000330.0 | ||
| 020 | |a 0748715584 | ||
| 090 | 0 | 0 | |a 910.202 |b HOR |
| 100 | 1 | |a HORNER, Paulino | |
| 245 | 1 | 0 | |a Travel geography for tourism : |b Part 2 Europe and Worldwide |c Pauline Horner |
| 260 | |a United Kingdom : |b Stanley Thornes , |c 1993 | ||
| 300 | |a 160p. : |b ill. ; |c 25cm. | ||
| 650 | 0 | 0 | |a Europe |x Description and travel |
| 999 | |a 036300 |b BUKU |c PINJAMAN |e PERPUSTAKAAN KOMUNITI PETALING JAYA | ||